Anne Frankinte Diarykkurippukal (Record no. 135039)

MARC details
000 -LEADER
fixed length control field 00505nam a22001697a 4500
003 - CONTROL NUMBER IDENTIFIER
control field OSt
005 - DATE AND TIME OF LATEST TRANSACTION
control field 20221116100221.0
008 - FIXED-LENGTH DATA ELEMENTS--GENERAL INFORMATION
fixed length control field 221116b |||||||| |||| 00| 0 eng d
040 ## - CATALOGING SOURCE
Transcribing agency SBCL
082 ## - DEWEY DECIMAL CLASSIFICATION NUMBER
Classification number 894.8123
Item number DEV-A
100 ## - MAIN ENTRY--PERSONAL NAME
Personal name Devi, Prameela
245 ## - TITLE STATEMENT
Title Anne Frankinte Diarykkurippukal
260 ## - PUBLICATION, DISTRIBUTION, ETC.
Place of publication, distribution, etc. Kottayam
Name of publisher, distributor, etc. DC Books
Date of publication, distribution, etc. 2002
300 ## - PHYSICAL DESCRIPTION
Extent 208
650 ## - SUBJECT ADDED ENTRY--TOPICAL TERM
Topical term or geographic name entry element Literatures of other languages
942 ## - ADDED ENTRY ELEMENTS (KOHA)
Koha item type BOOK
650 ## - SUBJECT ADDED ENTRY--TOPICAL TERM
Source of heading or term Literature & rhetoric
Form subdivision Altaic, Uralic, Hyperborean & Dravidian
General subdivision Malayalam Literature
Holdings
Withdrawn status Lost status Source of classification or shelving scheme Damaged status Not for loan Home library Current library Date acquired Cost, normal purchase price Total Checkouts Full call number Barcode Date last seen Date last checked out Price effective from Koha item type Shelving location
    Dewey Decimal Classification     SB LIBRARY SB LIBRARY 16/11/2022 125.00 9 894.8123 DEV-A 142020 26/08/2025 11/08/2025 16/11/2022 BOOK  
    Dewey Decimal Classification     SB LIBRARY SB LIBRARY 16/11/2022         16/11/2022   16/11/2022 BOOK GENERAL STACK

Powered by Koha